MARC details
| 000 -LÍDER |
| campo de controle de tamanho fixo |
01502nam a2200349 4500 |
| 001 - NÚMERO DE CONTROLE |
| campo de controle |
89 |
| 003 - IDENTIFICADOR DO NÚMERO DE CONTROLE |
| campo de controle |
OSt |
| 005 - DATA E HORÁRIO DA ÚLTIMA TRANSAÇÃO |
| campo de controle |
20250528074011.0 |
| 008 - CAMPO DE DADOS FIXOS--INFORMAÇÃO GERAL |
| campo de controle de tamanho fixo |
250123b |||||||d |||| 00| 1 eng d |
| 020 ## - ISBN - INTERNATIONAL STANDARD BOOK NUMBER |
| ISBN - International Standard Book Number |
9788501080905 |
| 040 ## - FONTE DA CATALOGAÇÃO |
| Idioma da catalogação |
por |
| 041 ## - CÓDIGO DE IDIOMA |
| Código do idioma do original e/ou traduções intermediárias do texto |
eng |
| Código do idioma do texto/trilha sonora ou título diferente |
por |
| 082 ## - CDD - CLASSIFICAÇÃO DECIMAL DE DEWEY |
| Número de Classificação |
IJ 028.5 |
| Número do exemplar |
C116p |
| 100 1# - ENTRADA PRINCIPAL--NOME PESSOAL |
| Nome pessoal |
Cabot, Meg, |
| Datas associadas ao nome |
1967- |
| 9 (RLIN) |
199 |
| 240 ## - TÍTULO UNIFORME |
| Título uniforme |
Princess Mia |
| 245 ## - TÍTULO |
| Título |
Princesa |
| Restante do título |
Mia / |
| Indicação de responsabilidade, etc. |
Cabot, Meg ; Tradução de Ana Ban |
| 260 ## - PUBLICAÇÃO, DISTRIBUIÇÃO, ETC. |
| Local de publicação, distribuição, etc. |
Rio de Janeiro |
| Nome do editor, distribuidor, etc. |
Record |
| Data da publicação, distribuição, etc. |
2008 |
| 300 ## - DESCRIÇÃO FÍSICA |
| Extensão |
300 p. |
| 490 1# - TÍTULO DA SÉRIE |
| Título da série |
O diário da Princesa |
| Número do volume ou designação sequencial da série |
Livro 09 |
| 500 ## - NOTA GERAL |
| Nota geral |
Princesa Mia<br/><br/>Sequência de: princesa no limite |
| 520 ## - NOTA DE RESUMO, ETC. |
| Resumo, etc. |
Mia precisa discursar em um baile de gala da Domina Rei, uma sociedade de elite, cheia de poderosas mulheres de negócios. O que diabos ela teria a dizer? Agora que Michael terminou com ela de vez, Mia não consegue sair da cama, sua melhor amiga a odeia e todas as suas roupas estão ficando apertadas. Para piorar, está sendo obrigada a ver um terapeuta, Lana Weinberg agora quer ser sua melhor amiga, e Mia descobre o diário de uma antepassada, com revelações que podem mudar o destino da Genovia para sempre. Como uma princesa poderia resolver tantos |
| 650 #0 - ASSUNTO--TERMO TÓPICO |
| Cabeçalho tópico ou nome geográfico |
Literatura Americana |
| 9 (RLIN) |
84 |
| 650 #0 - ASSUNTO--TERMO TÓPICO |
| Cabeçalho tópico ou nome geográfico |
Humor |
| 9 (RLIN) |
60 |
| 650 #0 - ASSUNTO--TERMO TÓPICO |
| Cabeçalho tópico ou nome geográfico |
Amor e Paixão |
| 9 (RLIN) |
25 |
| 650 #0 - ASSUNTO--TERMO TÓPICO |
| Cabeçalho tópico ou nome geográfico |
Infantojuvenil |
| 9 (RLIN) |
200 |
| 650 #0 - ASSUNTO--TERMO TÓPICO |
| Cabeçalho tópico ou nome geográfico |
Filme |
| 9 (RLIN) |
26 |
| 655 #0 - TERMO DE ÍNDICE--GÊNERO E FORMA |
| Gênero/forma/ou termo foco |
Romance |
| 655 #0 - TERMO DE ÍNDICE--GÊNERO E FORMA |
| Gênero/forma/ou termo foco |
Ficção |
| 700 ## - ENTRADA ADICIONADA - NOME PESSOAL |
| Nome pessoal |
Ana Ban |
| Função do autor por extenso |
Tradutor |
| 9 (RLIN) |
203 |
| 830 ## - ENTRADA SECUNDÁRIA DE SÉRIE--TÍTULO UNIFORME |
| Título uniforme |
O diário da princesa |
| Número do volume ou designação sequencial da série |
Livro 09 |
| 9 (RLIN) |
201 |
| 942 ## - ELEMENTOS DE ENTRADA ADICIONADOS (KOHA) |
| Fonte de classificação ou esquema de arquivamento |
Classificação decimal de Dewey |
| Ocultar no OPAC |
Não |
| Tipo de material Koha |
Livros |